Rues de Sherbrooke en croisant d'autres #1 - Statistiques

Statistiques générales
  • Ce quiz a été pris 8 fois
  • Le résultat moyen est 7 sur 47
Statistiques - réponses
Voies croisées Odonyme % Correct
Rue du Pacifique Rue {Galt} Ouest
86%
Rue McCrea Boulevard de {Portland}
57%
Rue du Haut-Bois Sud Boulevard {Bourque}
43%
Rue St. Francis Chemin {Moulton-Hill}
29%
Rue St. Francis Chemin {Thomas-Woodward}
29%
Rue St. Francis Rue {Atto}
29%
Rue St. Francis Rue {Bowen} Sud
29%
Rue du Haut-Bois Sud Rue du {Haut-Bois} Nord
29%
Rue Duvernay Chemin {Pryce}
14%
Rue Duvernay Rue {Beaudry}
14%
Rue Duvernay Rue {Beckett}
14%
Rue de l'Union Rue {Belvédère} Sud
14%
Rue de l'Union Rue {Bienville}
14%
Rue McCrea Rue {Charles-Hamel}
14%
Rue de l'Union Rue {Craig}
14%
Rue de l'Union Rue de {Dorval}
14%
Rue du Haut-Bois Sud Rue de {Gaspé}
14%
Rue St. Francis Rue du {Cardinal-Lavigerie}
14%
Rue McCrea Rue {Duclos}
14%
Rue McCrea Rue du {Juge-Rivard}
14%
Rue de l'Union Rue {Dunant}
14%
Rue Duvernay Rue {Émile-Zola}
14%
Rue Duvernay Rue {Gustave-Flaubert}
14%
Rue du Haut-Bois Sud Rue {Hercule}
14%
Rue Duvernay Rue {Honoré-De Balzac}
14%
Rue de l'Union Rue {LaRocque}
14%
Rue McCrea Rue {Lise-Fontaine}
14%
Rue de l'Union Rue {McIntosh}
14%
Rue Duvernay Rue {Nicolas-Boileau}
14%
Rue McCrea Rue {Nicolas-Scheib}
14%
Rue Duvernay Rue {Prospect}
14%
Rue McCrea Rue {Raymond-Bergeron}
14%
Rue McCrea Rue {Richard}
14%
Rue de l'Union Rue {Saint-Louis}
14%
Rue McCrea Rue {Thomas-Chapais}
14%
Rue McCrea Rue {Wilfrid-Grégoire}
14%
Rue de l'Union Rue {Adélard-Collette}
0%
Rue St. Francis Rue {Beattie}
0%
Rue St. Francis Rue {Champigny}
0%
Rue du Pacifique Rue {Claire-Jolicoeur}
0%
Rue du Pacifique Rue {Dieppe}
0%
Rue de l'Union Rue {Évangéline}
0%
Rue de l'Union Rue {Fabre}
0%
Rue du Pacifique Rue {Haig}
0%
Rue du Haut-Bois Sud Rue {Henri}
0%
Rue du Haut-Bois Sud Rue {Hériot}
0%
Rue du Pacifique Rue {Kitchener}
0%
Aucun quiz correspondant
Distribution des résultats
% des personnes avec chaque résultat
Percentile par nombre de réponses
Votre historique - résultats
Vous n’avez pas pris ce quiz